| 000 -LEADER |
| fixed length control field |
00517nam a22001697a 4500 |
| 008 - FIXED-LENGTH DATA ELEMENTS--GENERAL INFORMATION |
| fixed length control field |
191210b ||||| |||| 00| 0 eng d |
| 100 ## - MAIN ENTRY--PERSONAL NAME |
| Personal name |
Bassetto, Marco |
| 245 ## - TITLE STATEMENT |
| Title |
Is inflation default? the role of information in debt crises |
| 260 ## - PUBLICATION, DISTRIBUTION, ETC. (IMPRINT) |
| Name of publisher, distributor, etc |
American Economic Review |
| 300 ## - PHYSICAL DESCRIPTION |
| Extent |
109(10): Oct, 2019: p.3556-3584. |
| 650 ## - SUBJECT ADDED ENTRY--TOPICAL TERM |
| Topical term or geographic name as entry element |
Information |
| 9 (RLIN) |
14427 |
| 650 ## - SUBJECT ADDED ENTRY--TOPICAL TERM |
| Topical term or geographic name as entry element |
External debt |
| 9 (RLIN) |
14428 |
| 700 ## - ADDED ENTRY--PERSONAL NAME |
| Personal name |
Galli, Carlo |
| 9 (RLIN) |
14429 |
| 773 ## - HOST ITEM ENTRY |
| Main entry heading |
American Economic Review |
| 906 ## - LOCAL DATA ELEMENT F, LDF (RLIN) |
| Subject DIP |
Inflation |
| 942 ## - ADDED ENTRY ELEMENTS (KOHA) |
| Source of classification or shelving scheme |
|
| Item type |
Articles |